书目信息 |
| 题名: |
三国英雄记
|
|
| 作者: | 南门太守 著 | |
| 分册: | 一 失控的帝国 | |
| 出版信息: | 北京 华文出版社 2019.1 |
|
| 页数: | 295页 | |
| 开本: | 23cm | |
| 丛书名: | ||
| 单 册: | ||
| 中图分类: | K236.09 | |
| 科图分类: | ||
| 主题词: | 三国时代--san guo shi dai--历史--通俗读物 | |
| 电子资源: | ||
| ISBN: | 978-7-5075-4947-8 | |
| 000 | 01008nam0 2200277 450 | |
| 001 | 2157979672 | |
| 005 | 20211012162456.61 | |
| 010 | @a978-7-5075-4947-8@dCNY58.00 | |
| 100 | @a20181127d2019 em y0chiy0120 ea | |
| 101 | 0 | @achi |
| 102 | @aCN@b110000 | |
| 105 | @ay z 000yy | |
| 106 | @ar | |
| 200 | 1 | @a三国英雄记@Asan guo ying xiong ji@h一@i失控的帝国@f南门太守著 |
| 210 | @a北京@c华文出版社@d2019.1 | |
| 215 | @a295页@d23cm | |
| 304 | @a200字段分辑号取自书脊 | |
| 312 | @a封面英文共同题名:Heroes of the three kingdoms | |
| 330 | @a本书分为英雄趁乱而起、殊死之战、艰难的仕途、帝国崩溃、乱中夺权、关东联军、迁都长安、天下新格局八章,具体内容包括:曹操与袁绍、投身军界当旅长、一个农民的理想等。 | |
| 510 | 1 | @aHeroes of the three kingdoms@zeng |
| 517 | 1 | @a失控的帝国@Ashi kong de di guo |
| 606 | 0 | @a三国时代@Asan guo shi dai@x历史@j通俗读物 |
| 690 | @aK236.09@v5 | |
| 701 | 0 | @a南门太守@Anan men tai shou@4著 |
| 801 | 0 | @aCN@b百万庄@c20211006 |
| 905 | @b1305797-98@dK236.09@e153:1@f2 | |
| 三国英雄记.一.失控的帝国/南门太守著.-北京:华文出版社,2019.1 |
| 295页;23cm |
| ISBN 978-7-5075-4947-8:CNY58.00 |
| 本书分为英雄趁乱而起、殊死之战、艰难的仕途、帝国崩溃、乱中夺权、关东联军、迁都长安、天下新格局八章,具体内容包括:曹操与袁绍、投身军界当旅长、一个农民的理想等。 |
| ● |
| 相关链接 |
|
|
|
|
正题名:三国英雄记
索取号:K236.09/153:1
 
预约/预借
| 序号 | 登录号 | 条形码 | 馆藏地/架位号 | 状态 | 备注 |
| 1 | 1305797 | 213057975 | 第二样本阅览室/ [索取号:K236.09/153:1] | 在馆 | |
| 2 | 1305798 | 213057984 | 第二借阅区/ [索取号:K236.09/153:1] | 在馆 |